000 00270nam a2200109Ia 4500
008 200302s9999 xx 000 0 und d
100 _aR. S. Deshpande
245 _aModern Ideal Homes for India
260 _bUnited Book Corporation Poona
260 _c1965
300 _a300 P.,
999 _c18
_d18